000
00325nam a2200133Ia 4500
005
20260328104308.0
008
260328s9999||||xx |||||||||||||| ||und||
100
_a
Kombol, Meaghan
245
0
_a
Landscape Architecture /
_c
Meaghan Kombol
260
_b
Phaidon
300
_a
318 p.
650
_a
ESPACIO PUBLICO
942
_c
BK
999
_c
10838
_d
10838